Ensayo sobre vida y espiritualidad /

Bibliographic Details
Main Author: Pereiras García, Manuel (Author)
Format: Electronic eBook
Language:Spanish
Published: Bilbao : Desclée De Brouwer, 2015.
Series:Caminos (Bilbao, Spain)
Subjects:
Online Access:Digitalia Hispánica

MARC

LEADER 00000nam a2200000 i 4500
001 DIGDESCL0129
003 NyNyDIG
006 m o d
007 cr |||||||||||
008 231119s2015 sp ob 000 e spa d
035 |a (OCoLC)1410557050 
040 |a DGITA  |b eng  |e rda  |e pn  |c DGITA 
020 |a 9788433037213  |q eBook 
020 |z 9788433027573 
050 1 4 |a PS3566.E69124 ebook 
100 1 |a Pereiras García, Manuel,  |e author. 
245 1 0 |a Ensayo sobre vida y espiritualidad /  |c Manuel García Hernández. 
264 1 |a Bilbao :  |b Desclée De Brouwer,  |c 2015. 
300 |a 1 online resource. 
336 |a text  |b txt  |2 rdacontent 
337 |a computer file  |b c  |2 rdamedia 
338 |a online resource  |b cr  |2 rdacarrier 
347 |a text file  |2 rdaft 
347 |b EPUB 
490 1 |a Caminos 
504 |a Includes bibliographical references. 
588 0 |a Online resource; title from ePub title page (Digitalia, viewed November 19, 2023) 
655 7 |a Essays.  |2 lcgft 
776 0 8 |i Print version:  |a Pereiras García, Manuel.  |t Ensayo sobre vida y espiritualidad.  |d Bilbao : Desclée De Brouwer, [2015]  |z 9788433027573 
791 2 |a Digitalia (Firm),  |e distributor. 
793 0 |g Digitalia eBook Collection:  |a Editorial Desclée De Brouwer 
830 0 |a Caminos (Bilbao, Spain) 
856 4 0 |3 Digitalia Hispánica  |u https://www.digitaliapublishing.com/a/84196/ 
910 |a Premium collection: 2023